Normal view
MARC view
- FRONTPAGE (ARCHIVO PARA COMPUTADORA)
Entry Materia
001 - NÚMERO DE CONTROL DEL REGISTRO
- campo de control: 1073
003 - IDENTIFICADOR DE NUMERO DE CONTROL
- campo de control: UPN
005 - FECHA Y HORA DE LA ÚLTIMA TRANSACCIÓN
- campo de control: 20210219193609.0
008 - DATOS DE LONGITUD FIJA
- campo de control de longitud fija: a|ac|n|aab||||||||||||a |n|||||||
035 ## - NÚMERO DE CONTROL DEL SISTEMA
- Número de control del sistema: UPN10000001073
040 ## - FUENTE DE LA CATALOGACIÓN
- Lengua de catalogación: SPA
- Agencia de transcripción: UPN
053 #4 - NÚMERO CLASIFICADOR - BIBLIOTECA DEL CONGRESO (LC)
- Elemento numérico de la clasificación - Número único o no. inicial del rango: TK5105.8885 M5.3
150 ## - ENCABEZAMIENTO - TEMÁTICO
- Término de materia o nombre geográfico como elemento inicial: FRONTPAGE (ARCHIVO PARA COMPUTADORA)
450 ## - VÉASE - MATERIA
- Encabezamiento temático: Microsoft Frontpage (Archivo para computadora)
670 ## - FUENTE EN LA QUE SE LOCALIZARON DATOS
- Cita de la fuente: LC
- Información localizada: Microsoft Frontpage
902 ## - CATALOGADOR
- Catalogador: MMA/130502
